All Matt Damon Movies - Statistics

General Stats
  • This quiz has been taken 38,928 times
    1,549 since last reset
  • The average score is 18 of 61
Answer Stats
Year Movie % Correct
1997 Good Will Hunting
92%
2015 The Martian
77%
2002 The Bourne Identity
76%
2004 The Bourne Supremacy
71%
2007 The Bourne Ultimatum
69%
2001 Ocean's Eleven
63%
2004 Ocean's Twelve
62%
2007 Ocean's Thirteen
60%
2006 The Departed
57%
2014 Interstellar
56%
2016 Jason Bourne
55%
1998 Saving Private Ryan
52%
1999 The Talented Mr. Ripley
44%
2026 The Odyssey
42%
1999 Dogma
41%
2023 Oppenheimer
41%
2011 We Bought a Zoo
35%
2023 Air
30%
2017 Downsizing
28%
2019 Ford v Ferrari
28%
2009 Invictus
28%
2016 The Great Wall
27%
2013 Elysium
26%
2026 The Rip
26%
1998 Rounders
25%
1997 Chasing Amy
23%
2021 The Last Duel
23%
2010 True Grit
22%
2010 Green Zone
20%
1992 School Ties
20%
2011 The Adjustment Bureau
20%
2014 The Monuments Men
20%
1997 The Rainmaker
19%
2011 Contagion
17%
1988 Mystic Pizza
17%
2002 Spirit: Stallion of the Cimarron
17%
2009 The Informant!
17%
2021 Stillwater
16%
2005 Syriana
16%
2000 The Legend of Bagger Vance
16%
1996 Courage Under Fire
15%
2003 Stuck on You
15%
2005 The Brothers Grimm
15%
2006 The Good Shepherd
15%
2000 Titan A.E.
15%
2011 Happy Feet Two
14%
2024 IF
14%
2013 Behind the Candelabra
13%
2017 Suburbicon
13%
2000 All the Pretty Horses
12%
2010 Hereafter
12%
2008 Ponyo
12%
2024 The Instigators
12%
2001 The Majestic
12%
1993 Geronimo: An American Legend
11%
2002 Gerry
11%
2012 Promised Land
11%
2008 Che: Part Two
10%
1995 Glory Daze
10%
2011 Margaret
10%
2013 The Zero Theorem
9%
No matching quizzes found
Score Distribution
Percent of People with Each Score
Percentile by Number Answered
Your Score History
You have not taken this quiz since the last reset